| 000 | 00655naa a2200217 i 4500 | ||
|---|---|---|---|
| 001 | 86749 | ||
| 003 | ES-MaBCM | ||
| 005 | 20241016125305.0 | ||
| 008 | 021001s2001 esp 000 0 spa d | ||
| 021 | _axx | ||
| 035 | _a(OCoLC)1365139596 | ||
| 040 | _cES-MaBCM | ||
| 041 | 0 | _aspa | |
| 043 | _aesp | ||
| 100 | 1 |
_aRodríguez Eaposo, Alberto _940046 |
|
| 245 | 1 | 0 |
_aLos nombres de dominio de Internet _b: presente y futuro de la situación en España _cAlberto Rodríguez Eaposo |
| 651 | 2 | 4 |
_aEspaña _9115342 |
| 650 | 7 |
_aInternet _959056 |
|
| 773 | 0 |
_aEn: _tEconomía industrial _dMadrid : 2001 _w104399 _gn. 338, p. 71-78. - Loc. S.267 |
|
| 942 | _cAREV | ||
| 999 |
_c86749 _d86749 |
||